A. WESLEY POWELL LEARNING RESOURCE CENTRE (WPLRC)

Wonderful Place to Learn, Research & Collaborate

Mopping the Social Landscape: (Record no. 18054)

MARC details
000 -LEADER
fixed length control field nam a22 7a 4500
001 - ACCESSION NUMBER
control field 40875
003 - CONTROL NUMBER IDENTIFIER
control field OSt
005 - DATE AND TIME OF LATEST TRANSACTION
control field 20211214135803.0
008 - FIXED-LENGTH DATA ELEMENTS--GENERAL INFORMATION
fixed length control field 211214b xxu||||| |||| 00| 0 eng d
020 ## - INTERNATIONAL STANDARD BOOK NUMBER
International Standard Book Number 0072878991
040 ## - CATALOGING SOURCE
Transcribing agency DDC
082 ## - DEWEY DECIMAL CLASSIFICATION NUMBER
Classification number R/301. FER
100 ## - MAIN ENTRY--PERSONAL NAME
Relator code Susan J. Fergusen
245 ## - TITLE STATEMENT
Title Mopping the Social Landscape:
Remainder of title Reading in Sociology.
Statement of responsibility, etc. Susan J. Fergusen
250 ## - EDITION STATEMENT
Edition statement 4th edition
260 ## - PUBLICATION, DISTRIBUTION, ETC. (IMPRINT)
Place of publication, distribution, etc. New York
Name of publisher, distributor, etc. McGraw-Hill Companies, Inc.
Date of publication, distribution, etc. 2005
300 ## - PHYSICAL DESCRIPTION
Extent 684 P, :
Dimensions 23 cm
942 ## - ADDED ENTRY ELEMENTS (KOHA)
Source of classification or shelving scheme Dewey Decimal Classification
Koha item type Books
Holdings
Withdrawn status Lost status Source of classification or shelving scheme Damaged status Not for loan Home library Current library Date acquired Total Checkouts Full call number Barcode Date last seen Price effective from Koha item type
    Dewey Decimal Classification   Not For Loan Wesley Powell Learning Resource Centre Wesley Powell Learning Resource Centre 12/14/2021   R/301. FER 40875 12/14/2021 12/14/2021 Books
    Dewey Decimal Classification   Not For Loan Wesley Powell Learning Resource Centre Wesley Powell Learning Resource Centre 12/14/2021   R/301. FER 41144 12/14/2021 12/14/2021 Books